<?xml version="1.0" encoding="UTF-8"?><?xml-stylesheet type="text/xsl" href="static/style.xsl"?><OAI-PMH xmlns="http://www.openarchives.org/OAI/2.0/" xmlns:xsi="http://www.w3.org/2001/XMLSchema-instance" xsi:schemaLocation="http://www.openarchives.org/OAI/2.0/ http://www.openarchives.org/OAI/2.0/OAI-PMH.xsd"><responseDate>2026-04-17T04:23:31Z</responseDate><request verb="GetRecord" identifier="oai:www.recercat.cat:10230/37149" metadataPrefix="marc">https://recercat.cat/oai/request</request><GetRecord><record><header><identifier>oai:recercat.cat:10230/37149</identifier><datestamp>2025-12-24T08:37:23Z</datestamp><setSpec>com_2072_6</setSpec><setSpec>col_2072_452952</setSpec></header><metadata><record xmlns="http://www.loc.gov/MARC21/slim" xmlns:dcterms="http://purl.org/dc/terms/" xmlns:xsi="http://www.w3.org/2001/XMLSchema-instance" xmlns:doc="http://www.lyncode.com/xoai" xsi:schemaLocation="http://www.loc.gov/MARC21/slim http://www.loc.gov/standards/marcxml/schema/MARC21slim.xsd">
   <leader>00925njm 22002777a 4500</leader>
   <datafield ind2=" " ind1=" " tag="042">
      <subfield code="a">dc</subfield>
   </datafield>
   <datafield ind2=" " ind1=" " tag="720">
      <subfield code="a">Toro Soto, Juan Manuel, 1976-</subfield>
      <subfield code="e">author</subfield>
   </datafield>
   <datafield ind2=" " ind1=" " tag="720">
      <subfield code="a">Nespor, Marina</subfield>
      <subfield code="e">author</subfield>
   </datafield>
   <datafield ind2=" " ind1=" " tag="720">
      <subfield code="a">Gervain, Judit</subfield>
      <subfield code="e">author</subfield>
   </datafield>
   <datafield ind2=" " ind1=" " tag="260">
      <subfield code="c">2019-04-29T07:59:03Z</subfield>
   </datafield>
   <datafield ind2=" " ind1=" " tag="260">
      <subfield code="c">2019-04-29T07:59:03Z</subfield>
   </datafield>
   <datafield ind2=" " ind1=" " tag="260">
      <subfield code="c">2016</subfield>
   </datafield>
   <datafield ind2=" " ind1=" " tag="520">
      <subfield code="a">A recurrent question regarding language acquisition is the extent to which the mechanisms human infants use to discover patterns over the linguistic signal are highly specialized and uniquely human, or are the result of more general mechanisms present in other species. Research with very young infants suggests that they are able to use the relative frequency of elements in a linguistic sequence to infer word order. Here we ask if this ability could emerge from grouping biases present in nonhuman mammals. We show that animals discover differences in the frequency of elements in a sequence and can learn the relative order of frequent and infrequent elements. Nevertheless, in animals, relative frequency does not appear to be overridden by other cues that have been shown to be important to human infants, such as prosody. Our results demonstrate that the basic mechanism that allows listeners to extract ordering relations based on frequency is shared across species.</subfield>
   </datafield>
   <datafield ind2=" " ind1=" " tag="520">
      <subfield code="a">The present research has received funding from the European Research Council under the European Union’s Seventh Framework Programme (FP7/2007–2013)/ERC grant agreement no. 269502 (PASCAL) to MN; ERC grant agreement no. 312519 and ​PSI2013-44992-P to JMT, and from the Agence Nationale de la Recherche (Programme JCJC 21373), the Emergence(s) program of the City of Paris as well as from the French Investissements d’Avenir – Labex EFL Program (ANR-10-LABX-0083) to JG.</subfield>
   </datafield>
   <datafield tag="653" ind2=" " ind1=" ">
      <subfield code="a">Word frequency</subfield>
   </datafield>
   <datafield tag="653" ind2=" " ind1=" ">
      <subfield code="a">Comparative cognition</subfield>
   </datafield>
   <datafield tag="653" ind2=" " ind1=" ">
      <subfield code="a">Function words</subfield>
   </datafield>
   <datafield tag="653" ind2=" " ind1=" ">
      <subfield code="a">Prosody</subfield>
   </datafield>
   <datafield ind2="0" ind1="0" tag="245">
      <subfield code="a">Frequency-based organization of speech sequences in a nonhuman animal</subfield>
   </datafield>
</record></metadata></record></GetRecord></OAI-PMH>